01375cam a2200301 a 450000100090000000300040000900500170001300800410003001000170007102000220008803500170011003500280012704000180015504200140017304300120018705000170019908200220021624501040023826000440034230000360038650400510042250504350047365000450090865000370095365100470099070000170103770000190105413430931OSt20220214122852.0030912s2003 dcua b i001 0 eng d a 2003384043 a0821355031 (pbk.) a(NjP)3985917 a(CStRLIN)NJPGV3985917-B aDGWcDGWdDLC alccopycat ad------00aHC59.7.N324 00a303.6/4/9172422200aNatural resources and violent conflict :boptions and actions /cIan Bannon, Paul Collier, editors. aWashington, D.C. :bWorld Bank,cc2003. axviii, 409 p. :bill. ;c23 cm. aIncludes bibliographical references and index. aContents : Natural resources and conflict:What we can do -- The Natural resource curse : How wealth can make you poor -- Who gets the money ? reporting resource revenues -- Where did it come from? commodity tracking systems -- Follow the money : the finance of illicit -- Getting it done: instruments of enforcement -- Attracting reputable companies to risky environments: Petroleum and mining companies -- Dampening price shocks  0aNatural resourceszDeveloping countries. 0aCivil warzDeveloping countries. 0aDeveloping countriesxEconomic conditions.1 aBannon, Ian.1 aCollier, Paul.